000 00684nam a22002297a 4500
001 2788
003 HMS
005 20250929153433.0
008 250929e2024 cl a|||gr|||| 001 0 spa
020 _a9789564167541
040 _ahms
_bspa
_chms
082 0 4 _a983.01 S562
100 1 _aSiares Flores, Eva
_eautora
_94312
245 1 0 _aSan Pedro de Atacama :
_bPueblo eterno /
_cEva Siares Flores.
_h[libro]
246 3 0 _aPueblo eterno.
250 _aEnero 2024
260 _aAtacama, Chile :
_bBlue Gráfica,
_c2024
300 _a83 páginas :
_bilustraciones ;
_c22 cm.
500 _aIncluye índice
651 7 _aSan Pedro de Atacama (Chile)
_xHistoria
_94313
942 _2ddc
_cCOL GRAL
_n0
999 _c2788
_d2788